000 00769cam a2200265u 4500
001 13198
003 BD-RjUL
005 20211208235423.0
008 140130s19561952nyua 001 0 eng
035 _a(BD-RjUL)13249
040 _aDLC
_cCarP
_dBD-RjUL
_beng
041 _aeng
082 0 0 _a621.462
_bHAC 1956
100 1 _aHarwood, Paisley Beach,
_d1894-
_941105
245 1 0 _aControl of electric motors /
_cPaisley Beach Harwood.
250 _a3d ed.
260 _aNew York :
_bWiley,
_cc1952 [Printing 1956].
300 _a538 p. :
_billus. ;
_c24 cm.
500 _aIncludes index.
650 0 _aElectric motors.
_xAutomatic control.
_941106
650 0 _aElectric controllers.
_927864
942 _2ddc
_cBK
999 _c13198
_d13198